000 00500nam a2200193 a 4500
001 1771665029918
003 YourLibrary
005 20260221144227.0
008 260221s2008##################000#0#eng##
020 _a9780470823712
082 0 4 _a338.47621
_bPOL
100 1 _aChang, Se-jin,
_eauthor.
245 1 0 _aSony Vs Samsung :
260 _bJohn Wiley & Sons,
_c2008.
300 _a216 pages
650 0 _aBusiness & Economics.
942 _cENGLISH
040 _aYourLibrary
_beng
_cYourLibrary
999 _c615123
_d615123